ბათუმის შოთა რუსთაველის სახელმწიფო უნივერსიტეტის ბიბლიოთეკა

Формирование микрофлоры и энтомофауны городских зеленых насаждении (ბიბ.ჩანაწერი № 46096)

000 -LEADER
fixed length control field 00773nam a2200217Ia 4500
001 - CONTROL NUMBER
control field 12926
003 - CONTROL NUMBER IDENTIFIER
control field GE_BSU
008 - FIXED-LENGTH DATA ELEMENTS--GENERAL INFORMATION
fixed length control field 181216s||||||||xx |||||||||||||| ||und||
040 ## - CATALOGING SOURCE
Transcribing agency GE_BSU
080 ## - UNIVERSAL DECIMAL CLASSIFICATION NUMBER
Universal Decimal Classification number 632.92
100 ## - MAIN ENTRY--PERSONAL NAME
Personal name Горленко,С.В. Панько,Н.А.
245 ## - TITLE STATEMENT
Title Формирование микрофлоры и энтомофауны городских зеленых насаждении
245 ## - TITLE STATEMENT
Statement of responsibility, etc. Н.А.Дорожкин
260 ## - PUBLICATION, DISTRIBUTION, ETC.
Place of publication, distribution, etc. Минск
260 ## - PUBLICATION, DISTRIBUTION, ETC.
Name of publisher, distributor, etc. Наука и техника
260 ## - PUBLICATION, DISTRIBUTION, ETC.
Date of publication, distribution, etc. 1972
300 ## - PHYSICAL DESCRIPTION
Extent 168стр.илл.20см.
300 ## - PHYSICAL DESCRIPTION
Dimensions Библиогр.с.156-166
653 ## - INDEX TERM--UNCONTROLLED
Uncontrolled term Формирование микрофлоры и энтомофауны городских зеленых насаждении
942 ## - ADDED ENTRY ELEMENTS (KOHA)
Koha item type წიგნი
ეგზემპლარები
Withdrawn status Lost status Damaged status Not for loan Date acquired Barcode Date last seen Price effective from Koha item type
        2018-12-17 20840 2018-12-17 2018-12-17 წიგნი